Les stations du métro parisien ouvertes entre 1945 et 1990 - Statistiques

Statistiques générales
  • Ce quiz a été pris 9 fois
  • Le résultat moyen est 27 sur 32
Statistiques - réponses
Ligne Initiale Réponse Rang % Correct
13 B Basilique de Saint-Denis 16
100%
5 B Bobigny - Pablo Picasso 30
100%
10 B Boulogne - Pont de Saint-Cloud 25
100%
8 C Créteil - L'Échat 12
100%
8 C Créteil - Préfecture 13
100%
8 C Créteil - Université 13
100%
8 E École vétérinaire de Maisons-Alfort 7
100%
7 F Fort d'Aubervilliers 20
100%
3 G Gallieni 9
100%
3 P Porte de Bagnolet 9
100%
13 S Saint-Denis - Porte de Paris 15
100%
5 B Bobigny - Pantin - Raymond Queneau 30
83%
10 B Boulogne - Jean Jaurès 24
83%
13 C Carrefour Pleyel 4
83%
13 C Châtillon - Montrouge 17
83%
13 G Garibaldi 4
83%
7 L La Courneuve - 8 mai 1945 32
83%
13 & 14 M Mairie de Saint-Ouen 4
83%
7 M Mairie d'Ivry 2
83%
8 M Maisons-Alfort - Les Juilliottes 11
83%
8 M Maisons-Alfort - Stade 7
83%
13 M Malakoff - Plateau de Vanves 17
83%
13 M Malakoff - Rue Étienne-Dolet 17
83%
5 O Ourcq 3
83%
7 V Villejuif - Louis Aragon 27
83%
7 A Aubervilliers - Pantin - Quatre Chemins 20
67%
13 G Gabriel Péri 22
67%
7 L Le Kremlin-Bicêtre 26
67%
13 M Mairie de Clichy 22
67%
7 P Pierre et Marie Curie 1
67%
7 V Villejuif - Léo Lagrange 27
67%
7 V Villejuif - Paul Vaillant-Couturier 27
67%
Aucun quiz correspondant
Distribution des résultats
% des personnes avec chaque résultat
Percentile par nombre de réponses
Votre historique - résultats
Vous n’avez pas pris ce quiz